Name a Country for Each Area Rank Group - Statistics

General Stats
  • This quiz has been taken 735 times
  • The average score is 13 of 20
Answer Stats
ID Group Limits Country % Correct
ans1 1-10 Russia - Algeria
99%
ans2 11-20 DR Congo - Peru
93%
ans7 61-70 Zimbabwe - Poland
78%
ans5 41-50 France - Yemen
76%
ans8 71-80 Oman - Uganda
76%
ans3 21-30 Chad - Egypt
75%
ans4 31- 40 Tanzania - Myanmar
75%
ans6 51-60 Thailand - Paraguay
69%
ans9 81-90 Ghana - Uruguay
65%
ans20 190-196 Liechtenstein - Vatican
60%
ans17 161-170 Jamaica - Comoros
59%
ans19 181-190 Andorra - Marshall
59%
ans10 91-100 Tunisia - Malawi
56%
ans12 111-120 Portugal - Georgia
56%
ans11 101-110 Benin - Jordan
54%
ans14 131-140 Estonia - Albania
51%
ans18 171-180 Mauritius - Seychelles
49%
ans13 121-130 Sri Lanka - Bhutan
44%
ans16 151-160 Slovenia - Gambia
39%
ans15 141-150 Solomon - El Salvador
34%
No matching quizzes found
Score Distribution
Percent of People with Each Score
Percentile by Number Answered
Your Score History
You have not taken this quiz